Finnish Footballers in Europe - Statistics

General Stats
  • This quiz has been taken 14 times
  • The average score is 6 of 13
Answers on the Map
Answers color-coded by a green-red scale on the quiz's map according to % correct below.
 
Answer Stats
The City % Correct
London
100%
Barcelona
100%
Prague
62%
Birmingham
62%
Hamburg
54%
Berlin
54%
Madrid
46%
Moscow
38%
Milan
15%
Munich
15%
Warsaw
8%
Cologne
8%
Paris
8%
No matching quizzes found
Score Distribution
Percent of People with Each Score
Percentile by Number Answered
Your Score History
You have not taken this quiz